The 1980 eruptions of Mount St. Helens, Washington / (Record no. 596017)

MARC details
000 -LEADER
fixed length control field 01225cam a2200349 a 4500
001 - CONTROL NUMBER
control field vtls001304067
003 - CONTROL NUMBER IDENTIFIER
control field NLI
005 - DATE AND TIME OF LATEST TRANSACTION
control field 20210627043856.0
008 - FIXED-LENGTH DATA ELEMENTS--GENERAL INFORMATION
fixed length control field 120418s1982 vauab b i000 0 eng c
039 #9 - LEVEL OF BIBLIOGRAPHIC CONTROL AND CODING DETAIL [OBSOLETE]
-- 201204181931
-- VLOAD
040 0# - CATALOGING SOURCE
Original cataloging agency NLI
Transcribing agency VTLS-2012_FOD
Description conventions AACR2
041 0# - LANGUAGE CODE
Language code of text/sound track or separate title eng
044 ## - COUNTRY OF PUBLISHING/PRODUCING ENTITY CODE
MARC country code vau
082 04 - DEWEY DECIMAL CLASSIFICATION NUMBER
Classification number 551.210979784
245 04 - TITLE STATEMENT
Title The 1980 eruptions of Mount St. Helens, Washington /
Statement of responsibility, etc. edited by Peter W. Lipman and Donal R. Mullineaux
260 ## - PUBLICATION, DISTRIBUTION, ETC.
Place of publication, distribution, etc. Washington, D.C. :
Name of publisher, distributor, etc. United States Government Printing Office,
Date of publication, distribution, etc. 1981
300 ## - PHYSICAL DESCRIPTION
Extent xxvii, 844 p. :
Other physical details ill. (some col.), maps (some col.) ;
Dimensions 30 cm.
440 #0 - SERIES STATEMENT/ADDED ENTRY--TITLE
Title Geological Survey professional paper ;
Volume/sequential designation 1250
9 (RLIN) 707443
500 ## - GENERAL NOTE
General note One col. folded map in pocket
500 ## - GENERAL NOTE
General note S/N 024-001-03452-2
500 ## - GENERAL NOTE
General note Item 624
504 ## - BIBLIOGRAPHY, ETC. NOTE
Bibliography, etc. note Includes bibliographies and index
651 #0 - SUBJECT ADDED ENTRY--GEOGRAPHIC NAME
Geographic name Saint Helens, Mount, (Wash.)
General subdivision Eruption, 1980
9 (RLIN) 713611
700 1# - ADDED ENTRY--PERSONAL NAME
Personal name Lipman, Peter W.
Relationship edt
9 (RLIN) 725154
700 1# - ADDED ENTRY--PERSONAL NAME
Personal name Mullineaux, Donal Ray,
Dates associated with a name 1925-
9 (RLIN) 725155
710 2# - ADDED ENTRY--CORPORATE NAME
Corporate name or jurisdiction name as entry element Geological Survey (U.S.)
887 ## - NON-MARC INFORMATION FIELD
Content of non-MARC field
901 ## - LOCAL DATA ELEMENT A, LDA (RLIN)
a AD 158524
b 11.01.2011
902 ## - LOCAL DATA ELEMENT B, LDB (RLIN)
a U.S 551.210979784 Er 91
949 ## - LOCAL PROCESSING INFORMATION (OCLC)
-- VIRTUAITEM
-- 10000
-- 100
6 ADX000158524ENG
942 ## - ADDED ENTRY ELEMENTS (KOHA)
Source of classification or shelving scheme Dewey Decimal Classification
Koha item type Books
Holdings
Withdrawn status Lost status Damaged status Not for loan Collection code Home library Current library Shelving location Date acquired Total Checkouts Full call number Barcode Date last seen Price effective from Koha item type
          National Library of India National Library of India       U.S 551.210979784 Er 91 ADX000158524ENG 27/06/2021 27/06/2021 Books
                                                                           
web counter

Copyright ©2020 The National Library of India, Govt. of India ↔ Hosted by NVLI, MOC ↔ Technology and Design by National Library of India, Ministry of Culture, Govt. of India